000 00700nam a2200289Ia 4500
005 20260324112821.0
008 008 260324s9999 xx 000 0 eng d
020 _a9781003161950
037 _aEBOOK
040 _aCRL
040 _beng
040 _cCRL
041 _2eng
041 _aeng
084 _qCRL
100 _aChris Grocott
_91144256
245 4 _aThe Ideas That Rule Us
245 0 _bHow to Understand, Organise and Fight Against Bad Economics
260 _bTaylor and Francis
260 _c2024
365 _a
365 _b240
856 _uhttp://www.taylorfrancis.com/books/9781003161950
942 _cEBOOK
999 _c1733616
_d1733616